000 00237nam a2200097Ia 4500
008 230508s2013 xx 000 0 und d
041 _aeng
100 _aSALUNKHE
245 _aMECHANICAL ENGINEERING
260 _bTECH-MAX PUBLICATION
_c2013
999 _c340704
_d340704